|
|
|
|
| LEADER |
00000naa a2200000uu 4500 |
| 001 |
vtls010938315 |
| 003 |
SK-MaSNL |
| 005 |
20260302120535.0 |
| 008 |
220810|2000 xo |||||||||||||||||cze| |
| 015 |
|
|
|a SNBRA
|
| 035 |
|
|
|a (urnnbn)urn:nbn:sk:snk:ar-a0b9lz
|
| 035 |
|
|
|a (uuid)6c64aa06-8bf9-4071-9552-5207916c0fc3
|
| 035 |
|
|
|a urn:nbn:sk:snk-aau1xr
|
| 040 |
|
|
|a SNKBUCL
|b slo
|c SNKBUCL
|e AACR2
|
| 041 |
0 |
|
|a cze
|
| 044 |
|
|
|a xo
|c SK
|
| 100 |
1 |
|
|a Hutař, O.
|4 aut
|9 801323
|
| 245 |
1 |
0 |
|a DETEKTOR ZPĚTNĚ ODRAŽENÝCH ELEKTRONŮ PRO NÍZKOENERGIOVOU RASTROVACÍ ELEKTRONOVOU MIKROSKOPII
|c O. Hutař, V. Romanovský
|
| 246 |
3 |
|
|a DETECTOR OF BACKSCATTERED ELECTRONS FOR LOW ENERGY SCANNING ELECTRON MICROSCOPY
|
| 700 |
1 |
|
|a Romanovský, V.
|4 aut
|9 801324
|
| 773 |
0 |
|
|t 13. konferencia slovenských a českých fyzikov
|d Zvolen : Technická univerzita, 2000
|g S. 231-233
|z 8022808768
|
| 954 |
|
|
|a odborná, vedecká literatúra cudzojazyčná (svetová)
|2 lita
|
| 958 |
|
|
|a OND
|
| 958 |
|
|
|a article11
|
| 958 |
|
|
|a chapter
|
| 999 |
|
|
|c 1269996
|d 1271926
|